Kabale University Library Catalogue

Linear Algebra Done Right / (Record no. 5982)

MARC details
000 -LEADER
fixed length control field 01287cam a22003255i 4500
005 - DATE AND TIME OF LATEST TRANSACTION
control field 20260204115148.0
008 - FIXED-LENGTH DATA ELEMENTS--GENERAL INFORMATION
fixed length control field 141105s2015 gw |||| o |||| 0|eng
020 ## - INTERNATIONAL STANDARD BOOK NUMBER
International Standard Book Number 9783031410253
020 ## - INTERNATIONAL STANDARD BOOK NUMBER
International Standard Book Number 9783031410260
Qualifying information (eBook)
024 ## - OTHER STANDARD IDENTIFIER
Standard number or code https://doi/10.1007/9783031410260
040 ## - CATALOGING SOURCE
Original cataloging agency KABLIB
Language of cataloging eng
Description conventions rda
Transcribing agency KABLIB
082 04 - DEWEY DECIMAL CLASSIFICATION NUMBER
Classification number 512.5
Edition number 23
Item number AXL
100 1# - MAIN ENTRY--PERSONAL NAME
Personal name Axler, Sheldon,
Relator term author.
9 (RLIN) 15086
245 10 - TITLE STATEMENT
Title Linear Algebra Done Right /
Statement of responsibility, etc. by Sheldon Axler.
250 ## - EDITION STATEMENT
Edition statement 4th ed.
264 #1 - PRODUCTION, PUBLICATION, DISTRIBUTION, MANUFACTURE, AND COPYRIGHT NOTICE
Place of production, publication, distribution, manufacture Cham :
Name of producer, publisher, distributor, manufacturer Springer International Publishing :
-- Imprint: Springer,
Date of production, publication, distribution, manufacture, or copyright notice c2015.
300 ## - PHYSICAL DESCRIPTION
Extent xvii, 390 p. :
Other physical details ill. ;
Dimensions 24 cm.
490 1# - SERIES STATEMENT
Series statement Undergraduate Texts in Mathematics,
International Standard Serial Number 0172-6056
500 ## - GENERAL NOTE
General note Includes index.
650 #0 - SUBJECT ADDED ENTRY--TOPICAL TERM
Topical term or geographic name entry element Algebra.
9 (RLIN) 2680
650 #0 - SUBJECT ADDED ENTRY--TOPICAL TERM
Topical term or geographic name entry element Matrix theory.
9 (RLIN) 15087
650 14 - SUBJECT ADDED ENTRY--TOPICAL TERM
Topical term or geographic name entry element Linear and Multilinear Algebras, Matrix Theory.
Authority record control number or standard number https://scigraph.springernature.com/ontologies/product-market-codes/M11094
9 (RLIN) 15088
776 08 - ADDITIONAL PHYSICAL FORM ENTRY
Relationship information Print version:
Title Linear algebra done right
International Standard Book Number 9783319110790
Record control number (DLC) 2014954079
776 08 - ADDITIONAL PHYSICAL FORM ENTRY
Relationship information Printed edition:
International Standard Book Number 9783319110790
776 08 - ADDITIONAL PHYSICAL FORM ENTRY
Relationship information Printed edition:
International Standard Book Number 9783319110813
776 08 - ADDITIONAL PHYSICAL FORM ENTRY
Relationship information Printed edition:
International Standard Book Number 9783319307657
776 08 - ADDITIONAL PHYSICAL FORM ENTRY
Relationship information Printed edition:
International Standard Book Number 9783319939025
830 #0 - SERIES ADDED ENTRY--UNIFORM TITLE
Uniform title Undergraduate Texts in Mathematics,
International Standard Serial Number 0172-6056
9 (RLIN) 15089
942 ## - ADDED ENTRY ELEMENTS (KOHA)
Source of classification or shelving scheme Dewey Decimal Classification
Koha item type Book
Holdings
Withdrawn status Lost status Source of classification or shelving scheme Damaged status Not for loan Home library Current library Shelving location Date acquired Source of acquisition Total Checkouts Full call number Barcode Date last seen Price effective from Koha item type
    Dewey Decimal Classification     Education Library Education Library Open Access Section 03.02.2026 Purchased   512.5 AXL 14083 03.02.2026 03.02.2026 Book
    Dewey Decimal Classification     Education Library Education Library Open Access Section 03.02.2026 Purchased   512.5 AXL 14084 03.02.2026 03.02.2026 Book

Kabale University Library | Kabale University P.O Box 317, Kabale, Uganda
Tel : +256754017033, +256774661503 E-mail : library@kab.ac.ug